000
00282nam a2200121Ia 4500
008
190216s9999||||xx |||||||||||||| ||und||
100
_a
Shirokov M & Yudin N P
245
0
_a
Nuclear Physics
260
_b
Mir Publishers
_c
1982
300
_a
303p
650
_a
Physics
942
_c
BK
999
_c
2366
_d
2366